000 01593nam a2200421 i 4500
001 DIGVERBUM0421
003 NyNyDIG
006 m o d
007 cr |||||||||||
008 210308s2016 sp jo 000 f spa d
035 _a(OCoLC)1244769845
040 _aDGITA
_beng
_erda
_epn
_cDGITA
020 _z9788490744246
041 1 _aspa
_heng
050 1 4 _aPR4172.W7.S18 ebook
100 1 _aBrontë, Emily,
_d1818-1848,
_eauthor.
240 1 0 _aWuthering heights.
_lSpanish
_s(Fuentes)
245 1 0 _aCumbres borrascosas /
_cEmily Brontëe ; traducción, Emeterio Fuentes.
264 1 _aMadrid :
_bEditorial Verbum,
_c[2016]
300 _a1 online resource.
336 _atext
_btxt
_2rdacontent
337 _acomputer
_bc
_2rdamedia
338 _aonline resource
_bcr
_2rdacarrier
347 _atext file
_2rdaft
347 _bPDF
490 1 _aVerbum infantil-juvenil
588 0 _aOnline resource; title from PDF title page (Digitalia, viewed March 8, 2021)
655 0 _aElectronic books.
700 1 _aFuentes, Emeterio,
_etranslator.
700 1 _iTranslation of:
_aBrontë, Emily,
_d1818-1848.
_tWuthering heights.
791 2 _aDigitalia (Firm),
_edistributor.
793 0 _gDigitalia eBook Collection:
_aVerbum
776 0 8 _iPrint version:
_aBrontë, Emily, 1818-1848.
_sWuthering heights. Spanish (Fuentes).
_tCumbres borrascosas.
_dMadrid : Editorial Verbum, [2016]
_z9788490744246
830 0 _aaVerbum infantil-juvenil.
856 4 0 _3Digitalia Hispánica
_uhttps://www.digitaliapublishing.com/a/52000/
910 _aPremium collection: 2021
942 _cRAA
999 _c252973
_d252973